Puerto Rico's social movements: decolonizing step-by-step /

Gespeichert in:
Bibliographische Detailangaben
1. Verfasser: González-Cruz, Michael
Format: Text
Tags: Tag hinzufügen
Keine Tags, Fügen Sie den ersten Tag hinzu!

MARC

LEADER 00000 a a2200000 04500
001 10074
003
040
100 |a González-Cruz, Michael  
245 |a Puerto Rico's social movements:   |b decolonizing step-by-step /  |c Michael González-Cruz 
773 |g volumen 40, número 6; páginas 21-27  
999 |c 29808  |d 29808